Los salvadores del niño o la invención de la delincuencia

保存先:
書誌詳細
第一著者: Platt, Anthony M (著者)
フォーマット: 図書
言語:スペイン語
出版事項: Cuernavaca Siglo XXI 2006
版:5a. ed
シリーズ:Nueva Criminología y Derecho
主題:
タグ: タグ追加
タグなし, このレコードへの初めてのタグを付けませんか!

MARC

LEADER 00000nam a2200000 a 4500
001 UCG2156
003 CL-VaPUC
008 100617e20060000MX |||||||||||||||||spa|d
020 |a 968231108X 
082 0 4 |a 364.36  |b PLA  |2 21 
100 0 |a Platt, Anthony M  |e author  |9 550515 
245 1 4 |a Los salvadores del niño o la invención de la delincuencia 
250 |a 5a. ed 
300 |a 235 p 
942 |c BK 
945 |d 20100617 00:00:00  |a dcastane 
260 |a Cuernavaca  |b Siglo XXI  |c 2006 
650 0 |a Delincuencia juvenil  |9 311188 
583 |a last modification  |c 20100617 00:00:00  |k Rodrigo Vera 
490 0 |a Nueva Criminología y Derecho 
999 |c 341388  |d 341386 
952 |0 0  |1 2  |4 0  |6 364_360000000000000_PLA_2006  |7 0  |8 A  |9 436825  |a BIBGIM  |b BIBGIM  |d 2019-11-22  |i 4688279  |o 364.36 PLA 2006  |p 4688279  |r 2019-11-22  |w 2019-11-22  |y BK  |k SSL